Načítá se...
Hindus: An alternative history
| Hlavní autor: | |
|---|---|
| Médium: | Printed Book |
| Vydáno: |
New Delhi
Penguin
2009
|
| LEADER | 00368nam a22001097a 4500 | ||
|---|---|---|---|
| 082 | |a 294.509 |b DON.T | ||
| 100 | |a Wendy Doniger | ||
| 245 | |a Hindus: An alternative history | ||
| 260 | |a New Delhi |b Penguin |c 2009 | ||
| 942 | |c BK | ||
| 999 | |c 7594 |d 7594 | ||
| 952 | |0 0 |1 0 |4 0 |6 294_509000000000000_DON_T |7 0 |8 NFIC |9 9408 |a CAMPUS |b CAMPUS |d 2016-03-01 |l 0 |o 294.509 DON.T |p 13745 |r 2016-03-01 |w 2016-03-01 |y BK | ||